| 000 | 01040nam a2200289 a 4500 | ||
|---|---|---|---|
| 001 | BRL_1271 | ||
| 005 | 20190320211124.0 | ||
| 008 | 121213s1997----cl-a######---#000-0#spa-# | ||
| 020 | _a956243030 | ||
| 041 | _aspa | ||
| 044 | _acl | ||
| 050 | 4 |
_aF3430.1 _b.F47 1997 |
|
| 245 | 1 | 0 |
_aFertilidad para el desierto _bun traje ceremonial Chimú. Costa Norte de los Andes Centrales, siglos XII-XV _cPaulina Brugnoli B. ... [et al.] |
| 260 |
_aSantiago _bLOM Ediciones _c1997 |
||
| 300 |
_a47 p. _bil. (algunas a color) _c34 cm. |
||
| 500 | _aEste libro ha sido posible gracias al Museo Chileno de Arte Precolombino y al proyecto FONDECYT no. 1940091. | ||
| 500 | _aAu1486 | ||
| 504 | _aBibliografía: p. 46-47 | ||
| 650 | 1 | 4 |
_aTelas Chimú _926331 |
| 650 | 1 | 4 |
_aChimús _xRitos y ceremonias _926332 |
| 650 | 1 | 4 |
_aChimús _xVestidos _926333 |
| 650 | 1 | 4 |
_aIndumentaria _xAspectos simbólicos _zPerú _926334 |
| 700 | 1 |
_aBrugnoli B., Paulina _926335 |
|
| 710 | 2 |
_aMuseo Chileno de Arte Precolombino _926336 |
|
| 902 | _aGRL | ||
| 942 |
_2lcc _cB |
||
| 999 |
_c10083 _d10083 |
||